000 00477cam a2200205ua 4500
001 8362
008 150128n ii |||gr||||Z||||||asm
020 _a9789380454795
040 _cMAIN
041 _aasm
082 _a398
100 _aDas, A.,
_eEditor.
245 1 _aAxamar janagosthiya lokakhadya
_cEdited by Ansuman Das
250 _a1st.
260 _aGuwahati:
_bAank-baak,
_c2012.
300 _a362p.
653 _aFolklore
653 _aFood culture
942 _cBK
999 _c7473
_d7473